| 000 | 00830cam a22002774a 4500 | ||
|---|---|---|---|
| 008 | |||
| 020 | _a0415202205 (pbk.) | ||
| 049 | _aMAIN | ||
| 090 |
_aHB72 _bDAV |
||
| 100 | 1 | _aDavis, John B. | |
| 245 | 1 | 4 |
_aThe theory of the individual in economics : _bidentity and value / _cJohn B. Davis. |
| 260 |
_aLondon : _bRoutledge, _c2003. |
||
| 300 |
_avii, 216 p. ; _c24 cm. |
||
| 440 | 0 | _aAdvances in social economics. | |
| 504 | _aIncludes bibliographical references . | ||
| 500 | _aIncludes index. | ||
| 650 | 0 |
_aEconomics _xPhilosophy. |
|
| 650 | 0 | _aIndividuality. | |
| 650 | 0 |
_aIdentity (Psychology) _xEconomic aspects. |
|
| 650 | 0 | _aValue. | |
| 907 |
_a.b10309093 _b24-07-12 _c23-02-12 |
||
| 003 | |||
| 005 | 20230123125412.0 | ||
| 040 | _cNUST | ||
| 942 |
_cBOOKS _kHB72 _mDAV |
||
| 999 |
_c140882 _d140882 |
||